New Keynesian Economics (Registro nro. 5099)

Detalles MARC
000 -LEADER
fixed length control field 02741 a2200229 4500
001 - CONTROL NUMBER
control field 53116
005 - DATE AND TIME OF LATEST TRANSACTION
control field 20260407155805.0
008 - FIXED-LENGTH DATA ELEMENTS--GENERAL INFORMATION
fixed length control field 260407a1991 arg spa d
003 - CONTROL NUMBER IDENTIFIER
control field AR-UNSa-BCEJYS
040 ## - CATALOGING SOURCE
Original cataloging agency AR-UNSa-BCEJYS
Language of cataloging spa
Transcribing agency AR-UNSa-BCEJYS
080 ## - UNIVERSAL DECIMAL CLASSIFICATION NUMBER
Universal Decimal Classification number 330.834
Common auxiliary subdivision Keynes y el keynesianismo. Neokeynesianismo. Poskeynesianismo
020 ## - INTERNATIONAL STANDARD BOOK NUMBER
International Standard Book Number 978-0-262-63134-1
041 ## - LANGUAGE CODE
Language code of text/sound track or separate title spa
100 1# - MAIN ENTRY--PERSONAL NAME
Personal name Mankiw, N. Gregory
245 10 - TITLE STATEMENT
Title New Keynesian Economics
264 #1 - PRODUCTION, PUBLICATION, DISTRIBUTION, MANUFACTURE, AND COPYRIGHT NOTICE
Place of production, publication, distribution, manufacture Cambridge :
Name of producer, publisher, distributor, manufacturer The MIT Press
Date of production, publication, distribution, manufacture, or copyright notice 1991
300 ## - PHYSICAL DESCRIPTION
Extent 2 v. (430 ; 450 p.)
Dimensions 23 cm.
505 ## - FORMATTED CONTENTS NOTE
Formatted contents note Vol. 1: I:Costly price adjustment - 1. Small menu costs and large business cycles:A macroeconomic model of monopoly - 2.A near-rational model of the business cycle,with wage and price inertia - 3. Real rigidities and the nonneutrality of money - 4. Menu costs and the neutrality of money - 5. The rigidity of prices - 6. The new keynesian economics and the output-inflation trade-off - II:The staggering of wages and prices - 7. Long-term contracts,rational expectations and the optimal money supply rule - 8. Staggered wage setting in a macro model - 9. Price asynchronization and price-level inertia - 10. Will wage setters ever stagger decisions? - 11. Imperfect infortion and staggered price setting - III:Imperfect competition - 12. A model of imperfect competition with keynesian features - 13. Monopolistic competition and the effects of aggregate demand - 14. Imperfect competition and the keynesian cross - 15. Market strcture and macroeconomic fluctuations -- VOL. 2: IV:Coordination failures - 16. Coordinating coordination failures in keynesian models - 17. A simple rational-expectations Keynes-Type model - 18. Aggegate-dem,and managemente in search equilibrium - 19. Implementation cycles - 20. Self-Fulfilling expectations and fluctuations in aggregate demand - V:The labor market - 21. Efficiency-Wage models of unemployment - 22. Equilibrium unemploymente as a Worker-Discipline device - 23. Efficiency wages and the interindustry wage structure - 24. Implicit contracts and Fixer-Price equilibria - 25. Wage bargaining and employment - 26. Hysteresis in unemployment - VI:The credit market - 27. Credit rationing in markets with imperfect information - 28. The allocation of credit and financial collapse - 29. Nonmonetary effects of the financial crisis in the propagation of the great depression - 30. Credit,money and aggregate demand - VII.The goods market - 31. Inflation:Its mechanics and welfare costs - 32. Price rigidities and market structure - 33. A Supergame-Theoretic model of price wars during booms - 34. The cyclical behavior of marginal cost and price
590 ## - LOCAL NOTE (RLIN)
Local note niveau_biblio:m niveau_hierar:0
700 1# - ADDED ENTRY--PERSONAL NAME
Personal name Romer, David
942 ## - ADDED ENTRY ELEMENTS (KOHA)
Koha item type
Existencias
Withdrawn status Lost status Damaged status Not for loan Home library Current library Shelving location Date acquired Total checkouts Full call number Barcode Date last seen Price effective from Koha item type
        Biblioteca Prof. Eusebio Cleto del Rey Biblioteca Prof. Eusebio Cleto del Rey   07/04/2026   330.834 M266 v.1 L128521 07/04/2026 07/04/2026 Libro
        Biblioteca Prof. Eusebio Cleto del Rey Biblioteca Prof. Eusebio Cleto del Rey   07/04/2026   330.834 M266 v.2 L128522 07/04/2026 07/04/2026 Libro